00593nam a2200169 a 450000100100000000500170001000800410002704000250006810000240009324500380011726000400015530000270019549000360022283000430025895201050030199900170040600004104820201002034559.0130808s1967 mx 000 0 spa d aDO-SdBNPbspacBNPHU1 aPaz, Octavio95032410aCorriente alterna /cOctavio Paz. aMéxico :bSiglo Veintiuno,c1967. aviii, 223 p. ;c18 cm.1 aLa creación literaria. Ensayo 0aLa creación literaria. Ensayo966406 001050718MOaGRbGRcCTd2013-09-16iLF1l0o p41048-10r2020-06-25w2020-06-25y1ZNo se presta c40538d40538